Catalog

Record Details

Catalog Search



Scaredy Squirrel prepares for Halloween : [a safety guide for scaredies]  Cover Image Book Book

Scaredy Squirrel prepares for Halloween : [a safety guide for scaredies] / Mélanie Watt.

Summary:

"I, Scaredy Squirrel, have put together a collection of helpful safety tips and step-by-step instructions to guide you through common Halloween obstacles such as carnivorous plants, haunted houses and encountering the infamous Frankenstein"--Flap p. [1] of dust jacket.

Record details

  • ISBN: 9781894786874
  • ISBN: 1894786874
  • Physical Description: 1 v. (unpaged) : col. ill. ; 21 cm.
  • Publisher: Toronto ; Kids Can Press, ©2013.

Content descriptions

General Note:
Subtitle from cover.
Target Audience Note:
670 Lexile
Subject: Squirrels > Juvenile fiction.
Halloween decorations > Juvenile fiction.
Halloween > Juvenile fiction.
Humorous stories.
Picture books for children.

Available copies

  • 1 of 1 copy available at scottsboropl.

Holds

  • 0 current holds with 1 total copy.
Show Only Available Copies
Location Call Number / Copy Notes Barcode Shelving Location Status Due Date
scottsboropl E Wat 32269000997240 Juvenile - Easy Available -

LDR 01560nam a22003858a 4500
001142109
003CONS
00520160914113847.0
008130403s2013 onca j 000 1 eng
020 . ‡a9781894786874 ‡q(hardback)
020 . ‡a1894786874 ‡q(hardback)
035 . ‡a(CPomAG)LMN596432
050 4. ‡aPZ7.W3323 ‡bSca 2013
05014. ‡aF ‡bWatt Melanie
055 0. ‡aPS8645 A884 ‡bS286 2013
08204. ‡ajC813/.6 ‡223
1001 . ‡aWatt, Mélanie, ‡d1975-
24510. ‡aScaredy Squirrel prepares for Halloween : ‡b[a safety guide for scaredies] / ‡cMélanie Watt.
260 . ‡aToronto ; ‡aTonawanda, NY : ‡bKids Can Press, ‡c©2013.
300 . ‡a1 v. (unpaged) : ‡bcol. ill. ; ‡c21 cm.
336 . ‡atext ‡2rdacontent
336 . ‡astill image ‡2rdacontent
337 . ‡aunmediated ‡2rdamedia
338 . ‡avolume ‡2rdacarrier
500 . ‡aSubtitle from cover.
520 . ‡a"I, Scaredy Squirrel, have put together a collection of helpful safety tips and step-by-step instructions to guide you through common Halloween obstacles such as carnivorous plants, haunted houses and encountering the infamous Frankenstein"--Flap p. [1] of dust jacket.
5218 . ‡a670 ‡bLexile
650 0. ‡aSquirrels ‡vJuvenile fiction.
650 0. ‡aHalloween decorations ‡vJuvenile fiction.
650 0. ‡aHalloween ‡vJuvenile fiction.
650 0. ‡aHumorous stories.
650 0. ‡aPicture books for children.
914 . ‡aSCP_jd
959 . ‡i32269000997240 ‡lE Wat ‡aJuvenile - Easy ‡tEasy ‡g18.00
852 . ‡p32269000997240 ‡jE Wat ‡gJuvenile - Easy ‡cEasy ‡y18.00 ‡bSBPL
901 . ‡a142109 ‡bUnknown ‡c142109 ‡tbiblio

Additional Resources